000
00407nam a2200169Ia 4500
008
090711s9999 xx 000 0 und d
082
_b
48373
100
_a
तिबिले अनंत
245
_a
आग
260
_c
1984
300
_a
210
600
_a
तिबिले अनंत
630
_a
आग
700
_a
तिबिले अनंत
730
_a
आग
942
_c
BOOK
999
_c
299916
_d
299916